000 00404nam a22001577a 4500
005 20251108171111.0
008 250721s1987 xx 000 0 ara d
082 1 4 _aط/216.22/تعل
245 1 0 _aتعليم الصلاة /
250 _aط4
264 1 _aالزرقاء :
_bمكتبة المنار،
_c1987.
300 _a44ص : مص
650 1 7 _aالصلاة
942 _2ddc
_cBK
999 _c56628
_d56628